| 000 | 01334cam a2200241 4500 | ||
|---|---|---|---|
| 001 | ABS63071 | ||
| 008 | 000000n2000 000 0 eng u | ||
| 035 | _a(Sirsi) u108998 | ||
| 100 | _aWilliams, P. | ||
| 245 | _aPut into practice | ||
| 260 | _c2000 | ||
| 490 |
_aEstates Gazette _v(0042) 21 October 2000, 169(1) |
||
| 520 | _aFollowing on from a previous article (EG 14 October 2000, 206), looks further at Practice Rule 6A, which requires a solicitor to disclose that more than one draft contract has been sent out. Identifies a number of situations in which the rule will apply but there is a danger of it being overlooked: where the sale drags on; sales of businesses; the grant of a lease; the simultaneous negotiation of two incompatible transactions. With reference to Jenmain Builders Ltd v Steed & Steed, discusses the perils of acting for more than one party. Notes that solicitors acting for both parties cannot continue to act if the seller wishes to deal with a second buyer. | ||
| 590 | _aABS | ||
| 650 | _aSOLICITORS' PRACTICE RULES 1990 R6A | ||
| 650 | _aDISCLOSURE OF INFORMATION | ||
| 650 | _aSOLICITORS | ||
| 650 | _aSELLING AGENTS | ||
| 650 |
_aContracts _96232 |
||
| 650 | _aJENMAIN BUILDERS LTD V STEED & STEED | ||
| 690 | _aMANAGEMENT-BUSINESS MANAGEMENT-PROFESSIONAL PRACTICE | ||
| 942 | _n0 | ||
| 999 |
_c65094 _d65094 |
||